00639 2200253 4500001002100000005001700021008004100038020002200079035002400101041000800125043001200133082001100145090001800156100001800174245003600192250001000228260003400238300002300272650001500295850001200310990002100322990002100343990002100364YOGYA-0511000000014720110503092506.0 ind  a978-979-3065-28-1 0010-051100000000147 aInd aYOPDYOG a347.01 a347.01bPam P aPamungkas,E.A aPeradilan SesatcE.A. Pamungkas aCet.1 aYogyakartabNavila ideac2010 axi, 246 hlmc20 cm aPengadilan aYOPDYOG a52487-PD/B.10b1 a52486-PD/B.10b1 a52485-PD/B.10b1